| 000 | 01087cam a22003257a 4500 | ||
|---|---|---|---|
| 942 | _cBK | ||
| 999 |
_c501 _d501 |
||
| 001 | 17844091 | ||
| 003 | OSt | ||
| 005 | 20250420134813.0 | ||
| 008 | 130808t20142014ctua 001 0 eng d | ||
| 010 | _a 2013947491 | ||
| 016 | 7 |
_a016649125 _2Uk |
|
| 020 | _a9780300192209 | ||
| 035 | _a(OCoLC)ocn861677238 | ||
| 040 |
_aBTCTA _beng _cKCST |
||
| 042 | _alccopycat | ||
| 050 | 0 | 0 |
_aQC21.3 _b.S53 2014 |
| 082 | 0 | 0 |
_a530 _223 _bSh Fu |
| 100 | 1 |
_aShankar, Ramamurti. _94724 |
|
| 245 | 1 | 0 |
_aFundamentals of physics : _bmechanics, relativity, and thermodynamics / _cR. Shankar. |
| 260 |
_aNew Haven : _bYale University Press, _c2014. |
||
| 300 |
_axiv, 446 pages : _billustrations ; _c24 cm. |
||
| 490 | 1 | _aOpen Yale courses series | |
| 500 | _aIncludes index. | ||
| 650 | 0 |
_aPhysics. _93 |
|
| 830 | 0 |
_aOpen Yale courses series. _94725 |
|
| 856 | 4 | 2 |
_3Publisher description _uhttp://www.loc.gov/catdir/enhancements/fy1408/2013947491-d.html |
| 856 | 4 | 2 |
_3Contributor biographical information _uhttp://www.loc.gov/catdir/enhancements/fy1408/2013947491-b.html |
| 942 | _2ddc | ||